• 首页
  • 本馆介绍
  • 公告通知
  • 最新文献
  • 馆藏检索
  • 电子资源
  • 读者导购
  • 参考咨询
  • 我的图书馆
  • 登录
  • 详细信息显示
  • 放入我的书架
  • 预约/预借图书
  • 作者相关作品
  • 分类相关作品
  • 丛书相关作品
  • 出版社相关作品

书目信息

  • 表格格式
  • 工作单格式
  • 卡片格式
题名:
现代经济学大典
    
 
作者: 洪银兴 总主编 ;顾海良 主编
分册:   经济学方法论分册
出版信息: 北京   经济科学出版社  2016
页数: 236页
开本: 25cm
丛书名:
单 册:
中图分类: F0-61 , F011-61
科图分类:
主题词: 经济学--jing ji xue--名词术语 , 经济学--jing ji xue--方法论--名词术语
电子资源:
ISBN: 978-7-5141-7108-2
000 01083nam0 22002891 450
001 1730346454
005 20170527085641.21
010    @a978-7-5141-7108-2@dCNY89.00
100    @a20161027d2016 em y0chiy50 ea
101 0  @achi@eeng
102    @aCN@b110000
105    @ay z 000yy
106    @ar
200 1  @a现代经济学大典@Axian dai jing ji xue da dian@i经济学方法论分册@f洪银兴总主编@g顾海良主编
210    @a北京@c经济科学出版社@d2016
215    @a236页@d25cm
300    @a国家出版基金项目
304    @a英文共同题名:A dictionary of modern economics
330    @a本套书涉及理论经济学和应用经济学两个一级学科门类的14个学科或领域,本册为经济学方法论分册,主要内容包括:经济学方法论、唯物辩证法、历史唯物论、古典经济学方法、历史和逻辑等。
606 0  @a经济学@Ajing ji xue@x名词术语
606 0  @a经济学@Ajing ji xue@x方法论@x名词术语
690    @aF0-61@v5
690    @aF011-61@v5
701  0 @a洪银兴@Ahong yin xing@f(1950~)@4总主编
702  0 @a顾海良@Agu hai liang@f(1951~)@4主编
801  0 @aCN@bTANG WEI@c20170524
905    @b0969897-900@dF0-61@e508:8@f4
    
    现代经济学大典.经济学方法论分册/洪银兴总主编/顾海良主编 .-北京:经济科学出版社,2016
    236页;25cm
    国家出版基金项目
    
    ISBN 978-7-5141-7108-2:CNY89.00
    本套书涉及理论经济学和应用经济学两个一级学科门类的14个学科或领域,本册为经济学方法论分册,主要内容包括:经济学方法论、唯物辩证法、历史唯物论、古典经济学方法、历史和逻辑等。
●
相关链接 在E读中查询图书 在五车中查询图书 在当当中查询图书 在豆瓣中查询图书


正题名:现代经济学大典     索取号:F0-61/508:8         预约/预借

序号 登录号 条形码 馆藏地/架位号 状态 备注
1 0969897   209698978   第一样本阅览室/ [索取号:F0-61/508:8] 在馆    
2 0969898   209698987   密集书库-海洋学院/ [索取号:F0-61/508:8] 在馆    
3 0969899   209698996   第一借阅区/ [索取号:F0-61/508:8] 在馆    
4 0969900   209699003   第一借阅区/ [索取号:F0-61/508:8] 在馆    
唐山师范学院图书馆 欢迎您!
大连网信软件有限公司© 版权所有